01345nam a2200361 i 450000100060000000300080000600500170001400600190003100700150005000800410006502000180010602000280012403500220015204000310017405000230020508000190022808200170024710000380026424500940030225000220039626400540041830000580047233600290053033700330055933800390059258800830063165000480071465000550076265000400081765500270085770000360088485600630092085480FINmELB20241217171409.0m o u cr cn|||||||||220622s2023 mx a o 000 0 spa d z9786076298046 a9786076298435q(e-book) a(OCoLC)1385418657 aFINmELBbspaerdacFINmELB14aKGF4589bP944 2023 a34:351.713(72)04a343.72042231 aPérez Chávez, José,eautor.10aAnálisis integral de las deducciones /cJosé Pérez Chávez, Raymundo Fol Olguín. aQuinta edición. 1aCiudad de México :bTax Editores Unidos,c2023. a1 recurso en línea (239 páginas) :bilustraciones atextobtxt2rdamedia/spa acomputadorabc2rdamedia/spa arecurso en línea2rdacarrier/spa aDescripción basada en metadatos suministrados por el editor y otras fuentes. 4aImpuestosxLeyes y legislaciónzMéxico. 4aDeducciones del impuesto sobre la rentazMéxico. 4aDeducción de impuestoszMéxico. 4aLibros electrónicos.1 aFol Olguín, Raymundo,eautor.40uhttps://elibro.net/ereader/politecnicointernacional/228837